Projekt predĺženia širokorozchodnej železničnej trate z Ruska cez Slovensko do Rakúska

Je zrejmé, že Rusko je pre Slovensko hlavným partnerom v oblasti dodávok energetických surovín, preto je spolupráca v energetike najdôležitejšou oblasťou vzájomných obchodnohospodárskych vzťahov. Popri tejto sa medzi SR a Ruskom úspešne rozvíja spolupráca aj v iných oblastiach. Jednou z perspektívny...

Ausführliche Beschreibung

Gespeichert in:
Bibliographische Detailangaben
1. Verfasser: Drieniková, Kristína, 1982-
Format: Buchkapitel
Sprache:Slowakisch
Schlagworte:
Tags: Tag hinzufügen
Keine Tags, Fügen Sie das erste Tag hinzu!

MARC

LEADER 00000nla$a2200000$$$4500
001 0094008
005 20240502083237.9
041 0 |a slo 
044 |a CZ 
245 1 0 |a Projekt predĺženia širokorozchodnej železničnej trate z Ruska cez Slovensko do Rakúska  |c Kristína Drieniková 
520 |a Je zrejmé, že Rusko je pre Slovensko hlavným partnerom v oblasti dodávok energetických surovín, preto je spolupráca v energetike najdôležitejšou oblasťou vzájomných obchodnohospodárskych vzťahov. Popri tejto sa medzi SR a Ruskom úspešne rozvíja spolupráca aj v iných oblastiach. Jednou z perspektívnych je oblasť dopravy a logistiky. Popri preprave ropy a zemného plynu by sa SR mohla stať významnou tranzitnou krajinou aj v preprave tovarov z Ruska, resp. ďalších krajín SNŠ i juhovýchodnej Ázie na trhy EÚ. Umožniť by to malo predĺženie širokorozchodnej železničnej trate, ktorá vedie z Ruska cez Ukrajinu, cez celé územie SR až do Rakúska (Viedne). 
610 2 0 |a trate železničné 
610 2 0 |a doprava medzinárodná 
610 2 0 |a Rusko 
610 2 0 |a Ukrajina 
610 2 0 |a Slovensko 
610 2 0 |a Rakúsko 
100 1 |a Drieniková, Kristína, 1982-